
Library Catalogue

| 000 -LEADER | |
|---|---|
| fixed length control field | 01633cam a2200301 a 4500 |
| 005 - DATE AND TIME OF LATEST TRANSACTION | |
| control field | 20260326103533.0 |
| 008 - FIXED-LENGTH DATA ELEMENTS--GENERAL INFORMATION | |
| fixed length control field | 840105s1984 enkaf b 001 0 eng |
| 020 ## - INTERNATIONAL STANDARD BOOK NUMBER | |
| International Standard Book Number | 0704339242 (pbk.) : |
| 020 ## - INTERNATIONAL STANDARD BOOK NUMBER | |
| International Standard Book Number | 9780704339248 |
| 082 00 - DEWEY DECIMAL CLASSIFICATION NUMBER | |
| Classification number | 306.7 WAR |
| 100 1# - MAIN ENTRY--PERSONAL NAME | |
| Personal name | Ward, Elizabeth, |
| 245 10 - TITLE STATEMENT | |
| Title | Father-daughter rape / |
| Statement of responsibility, etc. | Elizabeth Ward. |
| 260 ## - PUBLICATION, DISTRIBUTION, ETC. | |
| Place of publication, distribution, etc. | London : |
| Name of publisher, distributor, etc. | Women's Press, |
| Date of publication, distribution, etc. | 1984. |
| 300 ## - PHYSICAL DESCRIPTION | |
| Extent | 247 p. : |
| Other physical details | ill. ; |
| Dimensions | 20 cm. |
| 490 1# - SERIES STATEMENT | |
| Series statement | Politics, women's studies |
| 500 ## - GENERAL NOTE | |
| General note | Includes index. |
| 504 ## - BIBLIOGRAPHY, ETC. NOTE | |
| Bibliography, etc. note | Bibliography: p. 217-241. |
| 505 ## - Contents | |
| Contents | Contents:<br/>I. EXPOSITION-Experience-1<br/>1. Naming-3<br/>2. Hearing-5<br/>3. Sonia's Story-6<br/>4. Jude's Story-15<br/>5. Kim's Story-24<br/>6. Ann's Story-30<br/>7. Vera's Story-44<br/>8. Cathy's Story-49<br/>9. Virginia's Story-50<br/>10. Marge's Story-59<br/>11. Lynette's Story-66<br/><br/>II BRIDGE PASSAGE <br/>1. It Could Have Been Me-77<br/>2. Freud and the Legacy of Mind-binding-100<br/>3. The Fathers-Forgiven and Forgotten-118<br/>4. The Daughters-Labelled and Libelled-138<br/>5. The Mothers-Bound and Blamed-161<br/>6. The Sons-Oedipus, the Boy and the Man-180<br/>7. The Family-A Man's Home is His Castle-192<br/><br/>III. CODA-203<br/>Notes-215<br/>Bibliography-227<br/>Index-240 |
| 650 #0 - SUBJECT ADDED ENTRY--TOPICAL TERM | |
| Topical term or geographic name entry element | Incest |
| Geographic subdivision | Australia |
| General subdivision | Case studies. |
| 650 #0 - SUBJECT ADDED ENTRY--TOPICAL TERM | |
| Topical term or geographic name entry element | Child sexual abuse |
| Geographic subdivision | Australia |
| General subdivision | Case studies. |
| 650 #0 - SUBJECT ADDED ENTRY--TOPICAL TERM | |
| Topical term or geographic name entry element | Rape |
| Geographic subdivision | Australia |
| General subdivision | Case studies. |
| 650 #0 - SUBJECT ADDED ENTRY--TOPICAL TERM | |
| Topical term or geographic name entry element | Fathers and daughters |
| Geographic subdivision | Australia |
| General subdivision | Case studies. |
| 650 #0 - SUBJECT ADDED ENTRY--TOPICAL TERM | |
| Topical term or geographic name entry element | Rape victims |
| Geographic subdivision | Australia |
| General subdivision | Interviews. |
| 830 #0 - SERIES ADDED ENTRY--UNIFORM TITLE | |
| Uniform title | Women's studies politics. |
| 906 ## - LOCAL DATA ELEMENT F, LDF (RLIN) | |
| a | 7 |
| b | cbc |
| c | orignew |
| d | 3 |
| e | ncip |
| f | 19 |
| g | y-gencatlg |
| 942 ## - ADDED ENTRY ELEMENTS (KOHA) | |
| Source of classification or shelving scheme | Dewey Decimal Classification |
| Koha item type | BOOKs |
| Withdrawn status | Lost status | Damaged status | Not for loan | Home library | Current library | Shelving location | Date acquired | Cost, normal purchase price | Total Checkouts | Full call number | Barcode | Date last seen | Date last checked out | Price effective from | Koha item type |
|---|---|---|---|---|---|---|---|---|---|---|---|---|---|---|---|
| NLS | NLS | 30/05/2017 | 33115.00 | 1 | 306.7 WAR | 12561 | 14/03/2025 | 06/03/2025 | 30/05/2017 | BOOKs |